1330 1059 1542 1149 1976 1621 1035 1447 1617 1383 1641 1864 1059 1628 1001 1219 1485 1100 1352 1890 1272 1111 1609 1167 1139 1393 1089 1129 1244 1166 1267 1578 1665 1780 1929 1345 1180 1509 1015 1015 1227 1936 1666 1465 1823 1156 1017 1842 1412 1701 1291 1542 1502 1260 1728 1671 1684 1271 1672 1259 1368 1584 1149 1068 1046 1903 1815 1809 1495 1833 1345 1177 1110 1379 1184 1276 1054 1939 1285 1766 1777 1669 1112 1907 1548 1829 1243 1923 1454 1135 1942 1191 1272 1199 1136 1890 1633 1504 1037 BCNSPRNW ULIB Ver.6.0+V

เปลี่ยนเป็นภาษาไทย

Change to English
 แสดงรายละเอียดบรรณานุกรม
  กลับหน้าหลัก

Brief Record : Get Marc (ISO 2709) : E-mail record : QR code < ปิดหน้าต่าง
LEADER : 00000nam 2200000uu 4500
001    13399127021
003     ULIB
008    191003s2559||||th 000 0 tha d
020    ^a9786163920195 : ^c35 บาท
060    ^aWS103^bห162
245 10 ^aหมาจิ้งจอกกับราชสีห์เจ้าเล่ห์= ^bThe fox and the cunning lion /^csally, แปล ; เศวตราภรณ์ ไอศุริยเอกสกุล, ภาพประกอบ
260    ^aกรุงเทพฯ :^bโลกหนังสือ, ^c2559
300    ^a10 หน้า :^bภาพประกอบสี ; ^c20 ซม.
546    ^aเนื้อหามีทั้งภาษาไทยและภาษาอังกฤษ.
700 0  ^asally, ^eผู้แปล
700 0  ^aเศวตราภรณ์ ไอศุริยเอกสกุล, ^eผู้วาดภาพประกอบ
945    ^p35^l0^i006209
999    ^aประนอม เกษจรัล
รายการนี้ยังไม่มีแท็ก
คุณยังไม่ได้ล็อกอิน คุณสามารถมีกิจกรรมร่วมกับเว็บไซต์ได้ แต่ต้องล็อกอินก่อน ::
  ล็อกอิน

รายการสื่อสารสนเทศ

ลำดับที่ ประเภท เลขเรียก/บาร์โค้ด สถานที่ สถานะ
1. วิทยาศาสตร์การแพทย์ และสุขภาพ
วิทยาศาสตร์การแพทย์ และสุขภาพ
WS103 ห162 ฉ.1 
  Barcode: 006209
ห้องสมุดวิทยาเขตสวรรค์ประชารักษ์
►หนังสือทั่วไป
ถูกยืม กำหนดส่งวันที่ 25 เมษายน 2568
  จอง

BibComment


ยังไม่เคยถูกคอมเมนท์

คอมเมนท์ทรัพยากรรายการนี้
  คอมเมนท์: หมาจิ้งจอกกับราช..


 Copyright 2026. Bcnsprnw @Library